Pays dont la capitale n'est pas la ville la plus peuplée - Statistiques

Statistiques générales
  • Ce quiz a été pris 251 fois
  • Le résultat moyen est 20 sur 37
Réponses sur la Carte
Les réponses sont colorées sur une échelle allant du rouge au vert en fonction du pourcentage des utilisateurs qui les ont devinées à leur premier essai. Vous pouvez retrouver ces pourcentages ci-dessous.
 
Statistiques - réponses
Pays % Correct
Bresil
98%
Australie
97%
Etats-Unis
96%
Canada
95%
Chine
92%
Inde
89%
Afrique du Sud
85%
Maroc
83%
Turquie
81%
Nigéria
72%
Suisse
70%
Nouvelle-Zélande
69%
Pakistan
69%
Vietnam
67%
Bolivie
62%
Côte d'Ivoire
61%
Birmanie
60%
Emirats Arabes Unis
57%
Kazakhstan
53%
Israël
49%
Tanzanie
49%
Cameroun
47%
Sri Lanka
38%
Belgique
36%
Benin
35%
Belize
34%
Malte
28%
Burundi
27%
Philippines
26%
Palaos
22%
Liechtenstein
21%
Etats fédérés de Micronésie
17%
Guinée Equatoriale
17%
Gambie
15%
Saint-Marin
13%
Taïwan
13%
Trinité-et-Tobago
10%
Aucun quiz correspondant
Distribution des résultats
% des personnes avec chaque résultat
Percentile par nombre de réponses
Votre historique - résultats
Vous n’avez pas pris ce quiz